Jurnal warisan Johor : memelihara warisan budaya, jilid III 1999

Bibliographic Details
Corporate Author: Yayasan Warisan Johor
Other Authors: Kamarudin Ab.Razak, Md.Ismail Zamzam
Format: Book
Published: Johor : Yayasan Warisan Johor , 1999
Subjects:

MARC

LEADER 00000cam a2200000 7i4500
001 0000021325
005 20080716.0
008 080716
022 0 |a 15111377 
090 0 0 |a 959.5119   |b JUR 
245 1 0 |a Jurnal warisan Johor :   |b memelihara warisan budaya, jilid III 1999   |c ketua editor Md.Ismail Zamzam [et...al] 
260 |a Johor :   |b Yayasan Warisan Johor ,   |c 1999 
650 0 |a Johor   |x history periodicals 
650 0 |a Johor   |x social life and customs   |x periodicals 
700 1 |a Kamarudin Ab.Razak 
700 1 |a Md.Ismail Zamzam 
710 1 |a Yayasan Warisan Johor 
999 |a 0000951027   |b Book   |c Journal   |e Cawangan Mersing 
999 |a 0001029937   |b Book   |c REFERENCE   |e Perbadanan Perpustakaan Awam Johor 
999 |a 0001029938   |b Book   |c REFERENCE   |e Perbadanan Perpustakaan Awam Johor